| 000 | 00540nam a22002057a 4500 | ||
|---|---|---|---|
| 003 | NLp | ||
| 005 | 20140310182808.0 | ||
| 008 | 130216t xxu||||| |||| 00| 0 eng d | ||
| 020 | _a97115553486 | ||
| 050 |
_aLB 2806.15 _b.B34 2001 |
||
| 100 | _aBago, Adelaida L. | ||
| 245 |
_aCurriculum development : _bthe Philippine experience / _cAdelaida L. Bago |
||
| 260 |
_aManila ; _bDLSU Press, _c2001. |
||
| 300 |
_a244 p. : _c23 cm. _b ill. ; |
||
| 521 | _aEDU | ||
| 562 | _e2 | ||
| 942 |
_2lcc _cBK _kLOC |
||
| 999 |
_c16117 _d16117 |
||